| 000 | 00470nam a2200181Ia 4500 | ||
|---|---|---|---|
| 008 | 230711s9999||||xx |||||||||||||| ||und|| | ||
| 020 | _a978-81-265-5735-6 | ||
| 041 | _aENG | ||
| 082 |
_a621.31 _bEK-S |
||
| 100 | _aEkanayake,Janaka | ||
| 245 | 0 | _aSmart Grid : Technology and Applications | |
| 250 | _a1st Ed. | ||
| 260 |
_c2017 _aNew Delhi _bWiley India Pvt.Ltd |
||
| 300 | _a283p. | ||
| 650 | _aElectrical Engineering | ||
| 700 | _aLiyanage,Kithsiri | ||
| 942 | _cBK | ||
| 999 |
_c6582 _d6582 |
||